Managing Software Quality /

Guardado en:
Detalles Bibliográficos
Autor principal: Hambling, Brian (Autor)
Formato: Libro
Lenguaje:inglés
Publicado: London : McGraw-Hill, 1996
Materias:
Etiquetas: Agregar Etiqueta
Sin Etiquetas, Sea el primero en etiquetar este registro!

MARC

LEADER 00000nam a22000003a 4500
001 stu46004
005 20150617225715.5
008 971119s1996----uk------------------eng-d
020 |a 0-07-709039-X 
040 |a STU  |b slo 
041 0 |a eng 
044 |a uk 
080 |a 681.3.06 
080 |a 006 
080 |a 658.562 
100 1 |a Hambling, Brian  |4 aut 
245 1 |a Managing Software Quality /  |c [aut.]Brian Hambling 
260 |a London :  |b McGraw-Hill,  |c 1996 
300 |a 193 s 
650 7 |a kvalita  |2 stusub 
650 7 |a riadenie  |2 stusub 
650 7 |a Systémy softwarové  |2 stusub 
650 7 |a ISO 9 000-3  |2 stusub 
996 |b 284M025034  |c M*9622-1  |l MMKN  |s A  |a 24  |w stu46004_0001